Welcome to CU Library Online Public Access Catalogue (OPAC)

Architectural design with SketchUp : (Record no. 8046)

MARC details
000 -LEADER
fixed length control field 00797cam a2200229 i 4500
001 - CONTROL NUMBER
control field 19506800
005 - DATE AND TIME OF LATEST TRANSACTION
control field 20251105103212.0
008 - FIXED-LENGTH DATA ELEMENTS--GENERAL INFORMATION
fixed length control field 170221s2016 njua 001 0 eng
020 ## - INTERNATIONAL STANDARD BOOK NUMBER
International Standard Book Number 9781118978818
Qualifying information (paperback)
050 00 - LIBRARY OF CONGRESS CALL NUMBER
Classification number T385
Item number .S3347 2016
082 00 - DEWEY DECIMAL CLASSIFICATION NUMBER
Classification number 006.68
Edition information 23
100 1# - MAIN ENTRY--PERSONAL NAME
Personal name Schreyer, Alexander
Fuller form of name (Alexander C.)
245 10 - TITLE STATEMENT
Title Architectural design with SketchUp :
Remainder of title 3D modeling, extensions, BIM, rendering, making, and scripting /
Statement of responsibility, etc. Alexander C. Schreyer.
250 ## - EDITION STATEMENT
Edition statement Second edition.
260 ## - PUBLICATION, DISTRIBUTION, ETC.
Place of publication, distribution, etc. Hoboken, New Jersey
Name of publisher, distributor, etc. Wiley
Date of publication, distribution, etc. 2016
300 ## - PHYSICAL DESCRIPTION
Extent x, 404 pages :
Other physical details illustrations (some color) ;
Dimensions 23 cm
500 ## - GENERAL NOTE
General note Includes index.
650 #0 - SUBJECT ADDED ENTRY--TOPICAL TERM
Topical term or geographic name entry element Computer graphics.
650 #0 - SUBJECT ADDED ENTRY--TOPICAL TERM
Topical term or geographic name entry element Three-dimensional display systems.
650 #0 - SUBJECT ADDED ENTRY--TOPICAL TERM
Topical term or geographic name entry element Engineering graphics.
942 ## - ADDED ENTRY ELEMENTS (KOHA)
Source of classification or shelving scheme Library of Congress Classification
Koha item type Books
Edition 2nd ed.
Suppress in OPAC No
999 ## -
-- 8046
-- 8046
Holdings
Withdrawn status Lost status Source of classification or shelving scheme Damaged status Not for loan Collection Home library Current library Shelving location Date acquired Total checkouts Full call number Barcode Date last seen Copy number Price effective from Koha item type
    Library of Congress Classification     Non-fiction Science Library (Miotso) Science Library (Miotso) General stacks 11/05/2025   T385 .S3347 SCH SLM00005322 11/05/2025 1 11/05/2025 Books
    Library of Congress Classification     Non-fiction Science Library (Miotso) Science Library (Miotso) General stacks 11/05/2025   T385 .S3347 SCH SLM00005323 11/05/2025 2 11/05/2025 Books
    Library of Congress Classification     Non-fiction Science Library (Miotso) Science Library (Miotso) General stacks 11/05/2025   T385 .S3347 SCH SLM00005324 11/05/2025 3 11/05/2025 Books
    Library of Congress Classification     Non-fiction Science Library (Miotso) Science Library (Miotso) General stacks 11/05/2025   T385 .S3347 SCH SLM00005325 11/05/2025 4 11/05/2025 Books
    Library of Congress Classification     Non-fiction Science Library (Miotso) Science Library (Miotso) General stacks 11/05/2025   T385 .S3347 SCH SLM00005326 11/05/2025 5 11/05/2025 Books
© 2023-2024 Copyright: Central University Libraries. All Rights Reserved | Created by: Mahone Tech Office